| 000 -LEADER |
| fixed length control field |
00409nam a2200097 4500 |
| 082 ## - DEWEY DECIMAL CLASSIFICATION NUMBER |
| Classification number |
L906x5442 CA/ 2021-22 |
| 100 ## - MAIN ENTRY--PERSONAL NAME |
| Personal name |
Government Of Maharashtra |
| 9 (RLIN) |
36907 |
| 245 ## - TITLE STATEMENT |
| Title |
Report Of The Comptroller and Auditor General of India On The Efficacy Of Implementation Of Seventy- Fourth Constitutional Amendment Act In Maharashtra |
| Statement of responsibility, etc |
by Government Of Maharashtra |
| 260 ## - PUBLICATION, DISTRIBUTION, ETC. (IMPRINT) |
| Place of publication, distribution, etc |
Maharashtra |
| Name of publisher, distributor, etc |
The author |
| Date of publication, distribution, etc |
2022 |
| 300 ## - PHYSICAL DESCRIPTION |
| Extent |
63p. |